Capitonym Fill-in-the-Blank Quiz Stats

 Plays Quiz not verified by Sporcle

Challenge
Share
Tweet
A super-duper thanks to needapausebutton!
Score 0/11 Timer 04:00
0 Plays Today
Clue Capitonyms % Correct
'Mother, you said I could do something special during the spring months. ____ I go to the circus when it arrives in _____?'may, May
84.2%
Knowing he would repay me after Easter, I ___ my usual grocery money to my friend, since I’d be fasting during ____.lent, Lent
75.4%
The _____ gem-cutter from Warsaw also liked to _____ the stones so they’d appear bright and lustrous.Polish, polish
68.4%
The kind Frenchman from _____ offered Hugo some ice cream. It was certainly a very ____ gesture!Nice, nice
59.6%
Since it is ______ in Washington than many states, there aren’t always clear days on which a Seattle resident can see Mt. _____.rainier, Rainier
56.1%
'I just got some delicious South American _____ beans. They were shipped in from the city of _____.'lima, Lima
56.1%
The religious-history researcher was given a ___ to do by his boss, so he set out to learn more about the Biblical figure ___. job, Job
45.6%
Ironically, after years of studying the constellation of _____, the old astronomer died… from _____.Cancer, cancer
29.8%
Like children everywhere, those from the U.K. city of ______ were often ______ their Harry Potter books for hours on end.reading, Reading
29.8%
If you thought that Indian food is spicy and pungent, the Moroccan food from the city of _____ is even _____ than that!Tangier, tangier
17.5%
According to her beliefs, praying to The ____ Being would help Susan to accurately “steer” the rod, and _____ water on the farm to sustain her crops.Divine, divine
15.8%

You're not logged in!

Compare scores with friends on all Sporcle quizzes.
Join for Free
OR
Log In

You Might Also Like...

Show Comments

Extras

Top Quizzes Today


Score Distribution

Your Account Isn't Verified!

In order to create a playlist on Sporcle, you need to verify the email address you used during registration. Go to your Sporcle Settings to finish the process.

Report this User

Report this user for behavior that violates our Community Guidelines.

Details: